000 00594nam a2200169Ia 4500
003 IN-BaIIA
008 211028s9999 xx 000 0 eng d
040 _cIIA Library
080 _a624.19
_bCIV
110 _aIndia. Civil Engineering and Construction Review
_922559
245 0 _aTunnels and tunnelling
_ba compilation of reprints from CE & CR (1988-98)
_cCivil Engineering and Construction Review
260 _aNew Delhi
_bCivil Engineering and Construction Review
_c1998
300 _a100p
650 _aCivil engineering
_95496
650 _aTunnels
_922560
942 _cBK
999 _c12860
_d12860